000 00745nam a2200217 a 4500
001 000030917
003 DO-SdBNP
005 20250922132930.0
007 ta
008 110606s1984 dr 000 0 spa d
040 _aDO-SdBNP
_bspa
_cBNPHU
082 4 _222
111 2 _aCongreso internacional de ALFAL
_d(1984:
_cSanto Domingo
_n21 septiembre )
_957436
245 1 0 _aDiscurso del rector Fernando Sánchez Martínez.
260 _aSanto Domingo :
_bUniversidad Autónoma de Santo,
_c[1984.].
300 _a10 p. ;
_c22 cm.
490 1 _aPublicaciones de la Universidad Autónoma de Santo Domingo
_v341
490 1 _aDiscursos
_v4
830 0 _aPubicaciones de la Universidad Autónoma de Santo
_v341
_957434
_pDiscursos
_n4
942 _2ddc
_cLBS1
999 _c30409
_d30409